| 000 | 00878cam a22002534a 4500 | ||
|---|---|---|---|
| 001 | 12305437 | ||
| 005 | 20241203112225.0 | ||
| 008 | 010209s2002 nyuab b 001 0 eng | ||
| 020 | _a0810906104 (HC : H.N. Abrams ed.) | ||
| 020 | _a0130918520 (v. 1 : PB) | ||
| 020 | _a9780130918529 | ||
| 050 | 0 | 0 |
_aN5300 . _b.S923 2002 |
| 082 | 0 | 0 |
_a709 _221 |
| 100 | 1 |
_aStokstad, Marilyn, _d1929- |
|
| 245 | 1 | 0 |
_aArt history / _cMarilyn Stokstad in collaboration with David Cateforis with chapters by Stephen Addiss ... [et al.]. _bVolume 1 |
| 250 | _a2nd ed. | ||
| 260 |
_aNew York : _bHarry N. Abrams, _c2002. |
||
| 300 |
_a2 v. : _bill. (some col.), maps ; _c30 cm. |
||
| 500 | _aIssued also in a 1 v. ed. published by Prentice-Hall and H.N. Abrams. | ||
| 650 | 0 |
_aArt _xHistory. |
|
| 700 | 1 | _aCateforis, David. | |
| 700 | 1 |
_aAddiss, Stephen, _d1935- |
|
| 942 |
_2lcc _cBK _e2nd ed. _n0 |
||
| 999 |
_c1927 _d1927 |
||